<?xml version="1.0" encoding="UTF-8"?>
<record
    xmlns:xsi="http://www.w3.org/2001/XMLSchema-instance"
    xsi:schemaLocation="http://www.loc.gov/MARC21/slim http://www.loc.gov/standards/marcxml/schema/MARC21slim.xsd"
    xmlns="http://www.loc.gov/MARC21/slim">

  <leader>01669nam a22002177a 4500</leader>
  <controlfield tag="008">251008b        |||||||| |||| 00| 0 eng d</controlfield>
  <datafield tag="020" ind1=" " ind2=" ">
    <subfield code="a">9781398621688</subfield>
  </datafield>
  <datafield tag="040" ind1=" " ind2=" ">
    <subfield code="c">tbs</subfield>
  </datafield>
  <datafield tag="041" ind1=" " ind2=" ">
    <subfield code="a">eng</subfield>
  </datafield>
  <datafield tag="050" ind1=" " ind2=" ">
    <subfield code="a">HF5415.1265</subfield>
    <subfield code="b">.M56 2025</subfield>
  </datafield>
  <datafield tag="100" ind1=" " ind2=" ">
    <subfield code="a">Miner, Tom</subfield>
    <subfield code="9">26055</subfield>
    <subfield code="e">author</subfield>
  </datafield>
  <datafield tag="245" ind1=" " ind2=" ">
    <subfield code="a">Social first brands</subfield>
    <subfield code="b">: how modern brands create community, loyalty, and growth</subfield>
    <subfield code="c">/ Tom Miner.</subfield>
  </datafield>
  <datafield tag="260" ind1=" " ind2=" ">
    <subfield code="a">London ; New York, NY : </subfield>
    <subfield code="b">KoganPage, </subfield>
    <subfield code="c">2025.</subfield>
  </datafield>
  <datafield tag="300" ind1=" " ind2=" ">
    <subfield code="a">viii, 258 pages :</subfield>
    <subfield code="b">illustrations ; </subfield>
    <subfield code="c">24 cm.</subfield>
  </datafield>
  <datafield tag="520" ind1=" " ind2=" ">
    <subfield code="a">About the book
Table of contents
Reviews
About the book
How can you build a social media strategy that outlasts trends and delivers real impact?

Social First Brands is a practical guide for mid-career marketing professionals who want to develop strategies that create authentic connections, strengthen brand credibility and drive measurable results. Written by social media expert Tom Miner, it shares proven frameworks, examples and actionable tools from brands like Crocs, Stanley, Funko, and Ryanair.

By showing how leading companies put social media at the heart of their marketing, this book equips you to move beyond quick wins and hacks to build strategies grounded in human behavior and long-term value.

With detailed chapters, real-world examples and clear implementation steps, Social First Brands helps you apply proven principles to elevate your brand presence, strengthen customer relationships and advance your career impact.</subfield>
  </datafield>
  <datafield tag="650" ind1=" " ind2="0">
    <subfield code="a">Internet marketing</subfield>
    <subfield code="x">Social aspects</subfield>
    <subfield code="9">26056</subfield>
  </datafield>
  <datafield tag="650" ind1=" " ind2="0">
    <subfield code="a">Internet marketing</subfield>
    <subfield code="9">1133</subfield>
  </datafield>
  <datafield tag="650" ind1=" " ind2="0">
    <subfield code="a">Social media</subfield>
    <subfield code="x">Economic aspects</subfield>
    <subfield code="9">5351</subfield>
  </datafield>
  <datafield tag="650" ind1=" " ind2="0">
    <subfield code="a">Strategic planning</subfield>
    <subfield code="9">3573</subfield>
  </datafield>
  <datafield tag="942" ind1=" " ind2=" ">
    <subfield code="2">lcc</subfield>
  </datafield>
  <datafield tag="952" ind1=" " ind2=" ">
    <subfield code="0">0</subfield>
    <subfield code="1">0</subfield>
    <subfield code="2">lcc</subfield>
    <subfield code="4">0</subfield>
    <subfield code="7">0</subfield>
    <subfield code="a">TBS</subfield>
    <subfield code="b">TBS</subfield>
    <subfield code="d">2025-10-08</subfield>
    <subfield code="l">1</subfield>
    <subfield code="o">HF5415.1265 MIN</subfield>
    <subfield code="p">B07600</subfield>
    <subfield code="q">2026-01-31</subfield>
    <subfield code="r">2025-12-17</subfield>
    <subfield code="s">2025-12-17</subfield>
    <subfield code="t">1</subfield>
    <subfield code="w">2025-10-08</subfield>
    <subfield code="y">1</subfield>
  </datafield>
  <datafield tag="999" ind1=" " ind2=" ">
    <subfield code="c">5018</subfield>
    <subfield code="d">5018</subfield>
  </datafield>
</record>
